|
|
|
|
| LEADER |
03292nam a22005415i 4500 |
| 001 |
978-1-4471-6368-8 |
| 003 |
DE-He213 |
| 005 |
20151030051422.0 |
| 007 |
cr nn 008mamaa |
| 008 |
140306s2014 xxk| s |||| 0|eng d |
| 020 |
|
|
|a 9781447163688
|9 978-1-4471-6368-8
|
| 024 |
7 |
|
|a 10.1007/978-1-4471-6368-8
|2 doi
|
| 040 |
|
|
|d GrThAP
|
| 050 |
|
4 |
|a QA76.758
|
| 072 |
|
7 |
|a UMZ
|2 bicssc
|
| 072 |
|
7 |
|a UL
|2 bicssc
|
| 072 |
|
7 |
|a COM051230
|2 bisacsh
|
| 082 |
0 |
4 |
|a 005.1
|2 23
|
| 100 |
1 |
|
|a Fernández, Maribel.
|e author.
|
| 245 |
1 |
0 |
|a Programming Languages and Operational Semantics
|h [electronic resource] :
|b A Concise Overview /
|c by Maribel Fernández.
|
| 264 |
|
1 |
|a London :
|b Springer London :
|b Imprint: Springer,
|c 2014.
|
| 300 |
|
|
|a IX, 209 p. 10 illus.
|b online resource.
|
| 336 |
|
|
|a text
|b txt
|2 rdacontent
|
| 337 |
|
|
|a computer
|b c
|2 rdamedia
|
| 338 |
|
|
|a online resource
|b cr
|2 rdacarrier
|
| 347 |
|
|
|a text file
|b PDF
|2 rda
|
| 490 |
1 |
|
|a Undergraduate Topics in Computer Science,
|x 1863-7310
|
| 505 |
0 |
|
|a Introduction -- Mathematical Background -- General Features of Imperative Languages -- Operational Semantics of Imperative Languages -- General Features of Functional Languages -- Operational Semantics of Functional Languages -- General Features of Logic Programming Languages -- Operational Semantics of Prolog -- Answers to Selected Exercises.
|
| 520 |
|
|
|a Providing a concise introduction to the essential concepts in programming languages, using techniques from operational semantics, this book highlights three major programming paradigms: • Imperative languages: the main features of these languages are illustrated with examples in Java, Python, C; • Functional languages: modern languages such as ML and Haskell are used to describe the functional style of programming; • Logic languages: the last part of the book gives an overview of logic programming using Prolog. Following a general description of each family of languages, their semantics are studied using abstract machines and structural operational semantics. Programming Languages and Operational Semantics gives an in-depth analysis of the basic concepts in programming languages instead of a mere survey of languages, assisting the understanding of the fundamental notions in programming languages over simply describing their properties. It is addressed to undergraduate students, as a complement to programming courses.
|
| 650 |
|
0 |
|a Computer science.
|
| 650 |
|
0 |
|a Software engineering.
|
| 650 |
|
0 |
|a Computer programming.
|
| 650 |
|
0 |
|a Programming languages (Electronic computers).
|
| 650 |
|
0 |
|a Computers.
|
| 650 |
|
0 |
|a Computer logic.
|
| 650 |
1 |
4 |
|a Computer Science.
|
| 650 |
2 |
4 |
|a Software Engineering/Programming and Operating Systems.
|
| 650 |
2 |
4 |
|a Programming Techniques.
|
| 650 |
2 |
4 |
|a Programming Languages, Compilers, Interpreters.
|
| 650 |
2 |
4 |
|a Theory of Computation.
|
| 650 |
2 |
4 |
|a Logics and Meanings of Programs.
|
| 710 |
2 |
|
|a SpringerLink (Online service)
|
| 773 |
0 |
|
|t Springer eBooks
|
| 776 |
0 |
8 |
|i Printed edition:
|z 9781447163671
|
| 830 |
|
0 |
|a Undergraduate Topics in Computer Science,
|x 1863-7310
|
| 856 |
4 |
0 |
|u http://dx.doi.org/10.1007/978-1-4471-6368-8
|z Full Text via HEAL-Link
|
| 912 |
|
|
|a ZDB-2-SCS
|
| 950 |
|
|
|a Computer Science (Springer-11645)
|